Normal view
MARC view
- Sharif,M.M ،شلبي،أحمد/ترجمة وتقديم وتعليق
Entry Personal Name
001 - CONTROL NUMBER
- control field: 13098
003 - CONTROL NUMBER IDENTIFIER
- control field: JO-AjAnu
005 - DATE AND TIME OF LATEST TRANSACTION
- control field: 20230606072409.0
008 - FIXED-LENGTH DATA ELEMENTS
- fixed length control field: 230606|| aca||aabn | a|a d
040 ## - CATALOGING SOURCE
- Original cataloging agency: JO-AjAnu
- Transcribing agency: JO-AjAnu
100 ## - HEADING--PERSONAL NAME
- Personal name: Sharif,M.M ،شلبي،أحمد/ترجمة وتقديم وتعليق
670 ## - SOURCE DATA FOUND
- Source citation: Work cat.: (JO-AjAnu)6739: Sharif,M.M ،شلبي،أحمد/ترجمة وتقديم وتعليق , author, الفكر الإسلامي منابعه وآثاره 2= Muslim Thought its Origtn and Achievements